000 02100nam a2200565 i 4500
001 25302
003 KOSZ 005
005 20220103101913.0
008 991020s1997 pl a |000 0 pol
015 _aUWD 1999/16273
020 _a8386890231
035 _a991011604909705066
035 _a(PL-WaBN)b13154400-48omnis_nlop
035 _ab13154400
035 _a(OCoLC)749293874
035 _azz2004850514
035 _a(PL)b0000001315440
035 _a(EXLNZ-48OMNIS_NETWORK)9910249472705606
040 _aWA N
_cWA N
_dKOSZ 005/HR
041 1 _apol
_hfre
046 _k1998
080 _a658.1/.5
080 _a005.33
100 1 _aGrouard, Benoît
_eAutor
245 1 0 _aKierowanie zmianami w przedsiębiorstwie :
_bjak osiągnąć sukces? /
_cBenoît Grouard, Francis Meston ; przekł. z fr. Marian Egeman.
246 1 _iTyt. oryg.:
_aEntreprise en mouvement
260 _aWarszawa :
_b"Poltext",
_c1997.
300 _a212, [4] s. :
_bwykr. ;
_c24 cm.
336 _aTekst
_btxt
_2rdacontent
337 _aBez urządzenia pośredniczącego
_bn
_2rdamedia
338 _aWolumin
_bnc
_2rdacarrier
380 _aKsiążki
388 _a1901-2000
388 _a1989-2000
490 1 _aFinanse, Zarządzanie, Rozwój
500 _aTyt. oryg.: "L'entreprise en mouvement : conduire et réussir le changement" 1995. - U dołu okł.: Sukces firmy na konkurencyjnym rynku zależy od jej zdolności dostosowywania się do ciągłych zmian w otoczeniu!
504 _aBibliogr. s. 211-[213].
650 7 _aPrzedsiębiorstwo
_2DBN
650 7 _aOrganizacja
650 7 _aSukces
_2DBN
650 7 _aZarządzanie zmianą
_2DBN
658 _aZarządzanie i marketing
700 1 _aEgeman, Marian
_d(1940- )
_eTłumaczenie
700 1 _aMeston, Francis
_eAutor
710 2 _aWydawnictwo Poltext
_4pbl
830 0 _aFinanse, Zarządzanie, Rozwój
856 _u http://koha.tu.koszalin.pl/cgi-bin/koha/opac-detail.pl?biblionumber=25302
_yKatalog online BPK
942 _2UKD
_cKS
999 _c25302
_d25302